| 000 | 00746aam a2200277 4500 | ||
|---|---|---|---|
| 005 | 20250722163237.0 | ||
| 008 | 150616b2017 xxu||||| |||| 00| 0 spa d | ||
| 020 | _a9789977131538 | ||
| 041 | _aESP | ||
| 082 | _a362.7 C8374c10 | ||
| 100 | _aCosta Rica. Leyes, Decretos, etc | ||
| 245 | _aCódigo de la niñez y la adolescencia | ||
| 250 | _a10 edición | ||
| 260 | _aCosta Rica | ||
| 260 | _bIJSA | ||
| 260 | _c2017 | ||
| 300 | _a241 páginas | ||
| 490 | _aInvestigación Criminal | ||
| 650 | _aCOSTA RICA | ||
| 650 | _a NIÑOS | ||
| 650 | _aLEGISLACIÓN | ||
| 650 | _aADOLESCENCIA | ||
| 650 | _aCONVENCIÓN SOBRE LOS DERECHOS DEL NIÑO | ||
| 650 | _a LEY ORGÁNICA DEL PATRONATO NACIONAL DE LA INFANCIA | ||
| 942 |
_cBK _2ddc |
||
| 999 |
_c9138 _d9138 |
||